000
00207nam a22000857a 4500
008
170111b xxu||||| |||| 00| 0 eng d
100
_9
2335
_a
Sharma.S.N.
245
_a
Mathematics-X
260
_a
New Delhi
_b
GBP
_c
2009
999
_c
5273
_d
5273